| 000 | 00730nam a2200253Ia 4500 | ||
|---|---|---|---|
| 003 | OSt | ||
| 005 | 20220928103550.0 | ||
| 006 | a|||||r|||| 00| 0 | ||
| 007 | ta | ||
| 008 | 220927b |||||||| |||| 00| 0 hin d | ||
| 020 | _c600 | ||
| 024 | _a127292 | ||
| 037 |
_b358, 30/10/2015, Kiran Book Service _cTextual |
||
| 040 |
_aSDCL _cSDCL _bhin |
||
| 041 |
_2hin _ahin |
||
| 082 | _aP15,Av, Q4 | ||
| 100 |
_aJha Hiranath _9405183 |
||
| 245 | 0 | _aSanskirt chhando ka vikaskarm | |
| 260 |
_aVaranasi _bKala evam dharm shodh sansthan _c2014 |
||
| 300 |
_a224p _ccm. |
||
| 650 |
_aSanskrit _9391587 |
||
| 942 |
_hP15,Av, Q4 _cTEXL _2CC |
||
| 999 |
_c720845 _d720845 |
||